<?xml version="1.0" encoding="UTF-8"?>
<record
    xmlns:xsi="http://www.w3.org/2001/XMLSchema-instance"
    xsi:schemaLocation="http://www.loc.gov/MARC21/slim http://www.loc.gov/standards/marcxml/schema/MARC21slim.xsd"
    xmlns="http://www.loc.gov/MARC21/slim">

  <leader>01603    a2200217   4500</leader>
  <controlfield tag="001">24390</controlfield>
  <controlfield tag="005">20260407155528.0</controlfield>
  <controlfield tag="008">260407a1987    arg                 spa d</controlfield>
  <controlfield tag="003">AR-UNSa-BCEJYS</controlfield>
  <datafield tag="040" ind1=" " ind2=" ">
    <subfield code="a">AR-UNSa-BCEJYS</subfield>
    <subfield code="b">spa</subfield>
    <subfield code="c">AR-UNSa-BCEJYS</subfield>
  </datafield>
  <datafield tag="080" ind1=" " ind2=" ">
    <subfield code="a">517.1</subfield>
    <subfield code="x">Introducci&#xF3;n al an&#xE1;lisis. (C&#xE1;lculo)</subfield>
  </datafield>
  <datafield tag="245" ind1="1" ind2="0">
    <subfield code="a">El c&#xE1;lculo</subfield>
    <subfield code="p">con geometr&#xED;a an&#xE1;litica</subfield>
  </datafield>
  <datafield tag="250" ind1=" " ind2=" ">
    <subfield code="a">5a. ed</subfield>
  </datafield>
  <datafield tag="264" ind1=" " ind2="1">
    <subfield code="a">M&#xE9;xico :</subfield>
    <subfield code="b">Harla</subfield>
    <subfield code="c">1987</subfield>
  </datafield>
  <datafield tag="300" ind1=" " ind2=" ">
    <subfield code="a">1608 p.</subfield>
    <subfield code="c">22 cm.</subfield>
  </datafield>
  <datafield tag="505" ind1=" " ind2=" ">
    <subfield code="a">0. Temas matem&#xE1;ticos previos al c&#xE1;lculo - Parte 1:Funciones de unasola variable: 1. L&#xED;mites y continuidad - 2. La derivada y la diferenciaci&#xF3;n - 3. Valores extremos de funciones y t&#xE9;cnicas de graficaci&#xF3;n - 4. Integral definida e integraci&#xF3;n  - 5. Aplicaciones de la integral definida - 6. Funciones inversas, logar&#xED;tmicas y exponenciales - 7. Funciones trigonom&#xE9;tricas inversas y funciones hiperb&#xF3;licas - 8. T&#xE9;cnicas de integraci&#xF3;n - 9. Formas indeterminadas, integrales impropias y f&#xF3;rmulas de Taylor - 10. Coordenadas plares y secciones c&#xF3;nicas - Parte 2: Series Infinitas: 11. Sucesions y series infinitas de t&#xE9;rinos constantes - 12. Series de potencias - 13. Vectores en el plano y ecuaciones param&#xE9;tricas - 14. Vectores y geometr&#xED;a anal&#xED;tica en el espacio - 15. C&#xE1;lculo diferencial de funciones de m&#xE1;s de una variable - 16. Derivadas direccionales, gradientes y aplicaciones de las derivadas parciales - 17. Integraci&#xF3;n m&#xFA;liple - 18. Aplicaciones del c&#xE1;lculo en capos vectoriales - 19. Ap&#xE9;ndice.</subfield>
  </datafield>
  <datafield tag="041" ind1=" " ind2=" ">
    <subfield code="a">spa</subfield>
  </datafield>
  <datafield tag="942" ind1=" " ind2=" ">
    <subfield code="c">BK</subfield>
  </datafield>
  <datafield tag="590" ind1=" " ind2=" ">
    <subfield code="a">niveau_biblio:m niveau_hierar:0</subfield>
  </datafield>
  <datafield tag="100" ind1="1" ind2=" ">
    <subfield code="a">Leithold, Louis</subfield>
  </datafield>
  <datafield tag="999" ind1=" " ind2=" ">
    <subfield code="c">1181</subfield>
    <subfield code="d">1181</subfield>
  </datafield>
  <datafield tag="952" ind1=" " ind2=" ">
    <subfield code="0">0</subfield>
    <subfield code="1">0</subfield>
    <subfield code="4">0</subfield>
    <subfield code="7">0</subfield>
    <subfield code="a">BCEJYS</subfield>
    <subfield code="b">BCEJYS</subfield>
    <subfield code="c">16</subfield>
    <subfield code="d">2026-04-07</subfield>
    <subfield code="l">0</subfield>
    <subfield code="o">517.1 L533c 5ed.</subfield>
    <subfield code="p">L53761</subfield>
    <subfield code="r">2026-04-07 15:55:28</subfield>
    <subfield code="w">2026-04-07</subfield>
    <subfield code="y">L</subfield>
  </datafield>
  <datafield tag="952" ind1=" " ind2=" ">
    <subfield code="0">0</subfield>
    <subfield code="1">0</subfield>
    <subfield code="4">0</subfield>
    <subfield code="7">0</subfield>
    <subfield code="a">BCEJYS</subfield>
    <subfield code="b">BCEJYS</subfield>
    <subfield code="c">16</subfield>
    <subfield code="d">2026-04-07</subfield>
    <subfield code="l">0</subfield>
    <subfield code="o">517.1 L533c 5ed.</subfield>
    <subfield code="p">L53767</subfield>
    <subfield code="r">2026-04-07 15:55:28</subfield>
    <subfield code="w">2026-04-07</subfield>
    <subfield code="y">L</subfield>
  </datafield>
  <datafield tag="952" ind1=" " ind2=" ">
    <subfield code="0">0</subfield>
    <subfield code="1">0</subfield>
    <subfield code="4">0</subfield>
    <subfield code="7">0</subfield>
    <subfield code="a">BCEJYS</subfield>
    <subfield code="b">BCEJYS</subfield>
    <subfield code="c">16</subfield>
    <subfield code="d">2026-04-07</subfield>
    <subfield code="l">0</subfield>
    <subfield code="o">517.1 L533c 5ed.</subfield>
    <subfield code="p">L45624</subfield>
    <subfield code="r">2026-04-07 15:55:28</subfield>
    <subfield code="w">2026-04-07</subfield>
    <subfield code="y">L</subfield>
  </datafield>
  <datafield tag="952" ind1=" " ind2=" ">
    <subfield code="0">0</subfield>
    <subfield code="1">0</subfield>
    <subfield code="4">0</subfield>
    <subfield code="7">0</subfield>
    <subfield code="a">BCEJYS</subfield>
    <subfield code="b">BCEJYS</subfield>
    <subfield code="c">16</subfield>
    <subfield code="d">2026-04-07</subfield>
    <subfield code="l">0</subfield>
    <subfield code="o">517.1 L533c 5ed.</subfield>
    <subfield code="p">L45625</subfield>
    <subfield code="r">2026-04-07 15:55:28</subfield>
    <subfield code="w">2026-04-07</subfield>
    <subfield code="y">L</subfield>
  </datafield>
  <datafield tag="952" ind1=" " ind2=" ">
    <subfield code="0">0</subfield>
    <subfield code="1">0</subfield>
    <subfield code="4">0</subfield>
    <subfield code="7">0</subfield>
    <subfield code="a">BCEJYS</subfield>
    <subfield code="b">BCEJYS</subfield>
    <subfield code="c">16</subfield>
    <subfield code="d">2026-04-07</subfield>
    <subfield code="l">0</subfield>
    <subfield code="o">517.1 L533c 5ed.</subfield>
    <subfield code="p">L45622</subfield>
    <subfield code="r">2026-04-07 15:55:28</subfield>
    <subfield code="w">2026-04-07</subfield>
    <subfield code="y">L</subfield>
  </datafield>
</record>
